[Event "XXVII Memorial Edoardo Crespi A"]
[Site "Milano ITA"]
[Date "2006.12.09"]
[Round "5"]
[White "Pace, Pietro Dario"]
[Black "Raineri, Valerio"]
[Result "1-0"]
[WhiteElo "2233"]
[BlackElo "2129"]
[PlyCount "97"]
[EventDate "2006.12.07"]

1. e4 e5 2. Nf3 Nc6 3. Bb5 a6 4. Ba4 Nge7 5. O-O d6 6. c3 Bd7 7. d4 Ng6 8. d5
Nb8 9. Bc2 Be7 10. c4 O-O 11. Nc3 f5 12. exf5 Bxf5 13. Bxf5 Rxf5 14. Be3 Nd7
15. Rb1 Ndf8 16. b4 Nf4 17. g3 Nh3+ 18. Kg2 Ng5 19. Bxg5 Bxg5 20. Qd3 Rf7 21.
Ne4 Be7 22. c5 Ng6 23. Rfc1 Qd7 24. h3 Raf8 25. Nfd2 Qf5 26. Rc3 Bg5 27. Nc4
Be7 28. Rb2 Rd8 29. Rbc2 Qh5 30. Na5 Rdf8 31. Nxb7 Rf4 32. cxd6 cxd6 33. Qe2
Qh6 34. Rc8 Rh4 35. Rxf8+ Bxf8 36. Nd8 Rxh3 37. Qg4 Rh2+ 38. Kf3 Ne7 39. Qe6+
Qxe6 40. Nxe6 Rh6 41. Nc7 Nf5 42. Kg2 Nd4 43. Rc4 Be7 44. Nxa6 g5 45. f3 Nf5
46. Rc3 Rg6 47. b5 g4 48. b6 gxf3+ 49. Kxf3 1-0

[Event "XXVII Memorial Edoardo Crespi A"]
[Site "Milano ITA"]
[Date "2006.12.09"]
[Round "5"]
[White "Pasquotto, Mirko"]
[Black "Di Paola, Antonio"]
[Result "1-0"]
[WhiteElo "1978"]
[BlackElo "1906"]
[PlyCount "39"]
[EventDate "2006.12.07"]

1. e4 c6 2. d4 d5 3. Nc3 dxe4 4. Nxe4 Nd7 5. Bc4 Ngf6 6. Ng5 e6 7. Qe2 Nb6 8.
Bd3 Qxd4 9. N1f3 Qd8 10. Ne5 Nbd7 11. Nexf7 Qa5+ 12. Bd2 Qd5 13. Nxh8 Nc5 14.
O-O Bd6 15. Nxh7 Nxd3 16. Nxf6+ gxf6 17. Qxd3 Qxd3 18. cxd3 e5 19. f4 Bf5 20.
fxe5 1-0

[Event "XXVII Memorial Edoardo Crespi A"]
[Site "Milano ITA"]
[Date "2006.12.09"]
[Round "5"]
[White "Ranfagni, Stefano"]
[Black "Crippa, Gabriele"]
[Result "1-0"]
[WhiteElo "2037"]
[BlackElo "2116"]
[PlyCount "87"]
[EventDate "2006.12.07"]

1. e4 d6 2. d4 Nf6 3. Nc3 e5 4. Nf3 Nbd7 5. Bc4 Be7 6. Bxf7+ Kxf7 7. Ng5+ Kg8
8. Ne6 Qe8 9. Nxc7 Qg6 10. Nxa8 Qxg2 11. Rf1 exd4 12. Qxd4 Ne5 13. f4 Bh3 14.
Qf2 Qxf2+ 15. Rxf2 Neg4 16. Rf3 Bg2 17. Rg3 Bh1 18. e5 dxe5 19. fxe5 Nxe5 20.
Bf4 Ng6 21. Bg5 Kf7 22. O-O-O Nh5 23. Rf1+ Bf6 24. Rgg1 Bc6 25. Nc7 Ne7 26.
N7b5 Nd5 27. Nxd5 Bxb5 28. Rf2 Re8 29. Bxf6 gxf6 30. Nc7 Re2 31. Rxe2 Bxe2 32.
Kd2 Bf3 33. Nb5 a6 34. Nd4 Be4 35. Ke3 f5 36. c3 Nf6 37. c4 Nd7 38. Nf3 h6 39.
Kf4 Kf6 40. b3 Nf8 41. Rd1 Ne6+ 42. Ke3 Ng5 43. Rd6+ Ne6 44. Nd4 1-0

[Event "XXVII Memorial Edoardo Crespi A"]
[Site "Milano ITA"]
[Date "2006.12.09"]
[Round "5"]
[White "Romano', Fabio"]
[Black "Salmoiraghi, Angelo"]
[Result "0-1"]
[WhiteElo "1922"]
[BlackElo "2035"]
[PlyCount "56"]
[EventDate "2006.12.07"]

1. e4 g6 2. d4 Bg7 3. Nf3 d6 4. Nc3 Nf6 5. h3 O-O 6. Be3 c5 7. dxc5 Qa5 8. Qd2
dxc5 9. Nb5 Qb6 10. e5 Nfd7 11. Qc3 Nc6 12. Bf4 a6 13. Na3 Qc7 14. Qe3 Ndxe5
15. O-O-O b6 16. Rd5 f6 17. Nc4 Be6 18. Rd1 b5 19. Ncxe5 fxe5 20. Bg3 Rad8 21.
Bd3 Qa5 22. Qxc5 Nb4 23. a3 Nxd3+ 24. Rxd3 Rxd3 25. Qxe7 Rdxf3 26. gxf3 Bf5 27.
Bxe5 Bxe5 28. Qxe5 Qa4 0-1

[Event "XXVII Memorial Edoardo Crespi A"]
[Site "Milano ITA"]
[Date "2006.12.09"]
[Round "5"]
[White "Rossi, Giampiero"]
[Black "Frigieri, Fabrizio"]
[Result "1-0"]
[WhiteElo "1976"]
[BlackElo "2088"]
[PlyCount "127"]
[EventDate "2006.12.07"]

1. d4 d5 2. c4 e6 3. Nc3 c6 4. e3 Nf6 5. Nf3 Bd6 6. Qc2 Nbd7 7. b3 O-O 8. Bb2
Qe7 9. Bd3 Re8 10. Rd1 dxc4 11. bxc4 e5 12. dxe5 Nxe5 13. Nxe5 Bxe5 14. h3 Be6
15. O-O Rad8 16. Be2 Bb8 17. Rxd8 Qxd8 18. Nd1 Nd7 19. f4 f6 20. Rf3 Nc5 21.
Rg3 Bf7 22. Nf2 Bg6 23. Rxg6 hxg6 24. Qxg6 Qe7 25. Bxf6 Qf7 26. Qxf7+ Kxf7 27.
Bd4 Nd7 28. c5 Nf6 29. g4 Kf8 30. Bc4 Bc7 31. Kg2 b5 32. Bb3 a5 33. a4 Rd8 34.
Kf3 Nd5 35. Nd3 g6 36. Be5 Nc3 37. Bc2 Rxd3 38. Bxc7 Rd2 39. Bxg6 bxa4 40. Bxa5
Rh2 41. Bxc3 Rxh3+ 42. Ke4 a3 43. Kd4 a2 44. g5 Kg7 45. Be8 Rh2 46. Bxc6 Rc2
47. Bd5 Rxc3 48. Bxa2 Ra3 49. Bc4 Kg6 50. Bd3+ Kg7 51. f5 Ra4+ 52. Bc4 Ra1 53.
f6+ Kg6 54. f7 Ra8 55. e4 Kxg5 56. e5 Kf5 57. c6 Rh8 58. e6 Kf6 59. Kd5 Rd8+
60. Kc5 Ke7 61. c7 Rh8 62. Kc6 Rf8 63. Bd5 Rh8 64. Kb7 1-0

[Event "XXVII Memorial Edoardo Crespi A"]
[Site "Milano ITA"]
[Date "2006.12.09"]
[Round "5"]
[White "Stips, Felix"]
[Black "Bosi, Clint"]
[Result "0-1"]
[WhiteElo "1944"]
[BlackElo "2048"]
[PlyCount "70"]
[EventDate "2006.12.07"]

1. e4 c5 2. Nf3 Nc6 3. d4 cxd4 4. Nxd4 e5 5. Nb5 d6 6. N1c3 a6 7. Na3 b5 8. Nd5
Nge7 9. c4 b4 10. Nc2 f5 11. exf5 Nxf5 12. Ncxb4 Ncd4 13. Bd3 Be7 14. Ne3 O-O
15. Be4 Rb8 16. Nxf5 Bxf5 17. Bxf5 Rxf5 18. Nc6 Qf8 19. O-O Nxc6 20. Qd5+ Qf7
21. Qxc6 Rf8 22. Be3 Bg5 23. Bxg5 Rxg5 24. Qxd6 Qxc4 25. g3 Rgf5 26. Qb6 h5 27.
b3 Qg4 28. Qxa6 Kh7 29. Rae1 h4 30. Qc4 Rf4 31. Qe2 hxg3 32. Qxg4 gxh2+ 33.
Kxh2 Rxg4 34. Rxe5 Kg6 35. f3 Rh8+ 0-1

[Event "XXVII Memorial Edoardo Crespi A"]
[Site "Milano ITA"]
[Date "2006.12.09"]
[Round "5"]
[White "Tagliagambe, Stefano"]
[Black "D'Apa, Matteo"]
[Result "1/2-1/2"]
[WhiteElo "2050"]
[BlackElo "2026"]
[PlyCount "25"]
[EventDate "2006.12.07"]

1. Nf3 d5 2. c4 d4 3. e3 c5 4. exd4 cxd4 5. b4 Nd7 6. Bb2 e5 7. c5 Ngf6 8. Bc4
Be7 9. Ng5 O-O 10. Bxf7+ Rxf7 11. Ne6 Qe8 12. Nc7 Qd8 13. Ne6 1/2-1/2

[Event "XXVII Memorial Edoardo Crespi A"]
[Site "Milano ITA"]
[Date "2006.12.09"]
[Round "5"]
[White "Valsecchi, Alessio"]
[Black "Mastroddi, Emiliano"]
[Result "1-0"]
[WhiteElo "2030"]
[BlackElo "2074"]
[PlyCount "69"]
[EventDate "2006.12.07"]

1. e4 c6 2. d4 d5 3. e5 c5 4. dxc5 e6 5. Be3 Nc6 6. Nf3 Nge7 7. c3 Qc7 8. Bd4
Bd7 9. Na3 a6 10. Bd3 Ng6 11. Bxg6 hxg6 12. b4 Rh5 13. Qe2 Nxd4 14. cxd4 b6 15.
O-O f6 16. Rac1 g5 17. exf6 gxf6 18. g3 Rh6 19. Nd2 Kf7 20. f4 gxf4 21. Rxf4
Bd6 22. Rf3 Rg8 23. Qf2 Rhg6 24. Rcc3 Be7 25. Nc2 bxc5 26. bxc5 Rb8 27. a3 Ba4
28. Nb4 Qa7 29. Nd3 Rg7 30. Rc1 Bb5 31. Nf4 Rc8 32. Re1 Bd7 33. Rfe3 Rxc5 34.
Nf3 Ra5 35. Nxe6 1-0

[Event "XXVII Memorial Edoardo Crespi A"]
[Site "Milano ITA"]
[Date "2006.12.09"]
[Round "5"]
[White "Vignoli, Matteo"]
[Black "Villalba, Fernando"]
[Result "1-0"]
[WhiteElo "1975"]
[BlackElo "1911"]
[PlyCount "69"]
[EventDate "2006.12.07"]

1. e4 d6 2. d4 g6 3. Nc3 Bg7 4. Be3 Nf6 5. f3 c6 6. Qd2 O-O 7. O-O-O b5 8. Bh6
Qa5 9. Kb1 Na6 10. h4 b4 11. Nce2 Be6 12. Nc1 Nc7 13. g4 Nb5 14. Bxb5 Qxb5 15.
Bxg7 Kxg7 16. h5 Rh8 17. h6+ Kf8 18. g5 Nh5 19. Nge2 a5 20. Rhe1 a4 21. d5 Bd7
22. dxc6 Bxc6 23. Nd4 Qb6 24. Nxc6 Qxc6 25. e5 b3 26. cxb3 axb3 27. Nxb3 Qa4
28. Nc1 Rd8 29. Qc3 Rg8 30. Qc7 Qd7 31. exd6 exd6 32. Qb6 Nf4 33. Nd3 Nxd3 34.
Rxd3 Rc8 35. Qxd6+ 1-0

[Event "XXVII Memorial Edoardo Crespi A"]
[Site "Milano ITA"]
[Date "2006.12.09"]
[Round "5"]
[White "Vincenzi, Marco"]
[Black "Perrotta, Leopoldo"]
[Result "1-0"]
[WhiteElo "2065"]
[BlackElo "1885"]
[PlyCount "119"]
[EventDate "2006.12.07"]

1. e4 c6 2. d4 d5 3. Nc3 dxe4 4. Nxe4 Bf5 5. Ng3 Bg6 6. Nf3 Nf6 7. h4 h6 8. Ne5
Bh7 9. c3 Nbd7 10. Qb3 Nxe5 11. dxe5 Nd7 12. e6 fxe6 13. Qxb7 Qc8 14. Ba6 Nb6
15. Qxc8+ Nxc8 16. Bb7 Rb8 17. Bxc6+ Kf7 18. O-O Nd6 19. Re1 Nf5 20. Nxf5 Bxf5
21. a4 g5 22. hxg5 hxg5 23. Be3 Bg7 24. Bxa7 Rxb2 25. Bd4 Bf6 26. a5 Rc8 27. a6
Bxd4 28. cxd4 Rxc6 29. a7 Rc8 30. a8=Q Rxa8 31. Rxa8 Rd2 32. Ra4 g4 33. Kh2
Rxf2 34. Kg3 Rd2 35. Rf1 Kg6 36. Rf2 Rd3+ 37. Kf4 Kf6 38. Re2 Rd1 39. Rf2 Rd3
40. Rb4 Kg6 41. Rfb2 Kf6 42. R2b3 Rd2 43. g3 Rxd4+ 44. Rxd4 e5+ 45. Ke3 exd4+
46. Kxd4 e5+ 47. Ke3 Be6 48. Rb2 Bd5 49. Kd3 Bf3 50. Kc4 Kf5 51. Rb1 Be2+ 52.
Kd5 Bf3+ 53. Kd6 Ke4 54. Re1+ Kd4 55. Rxe5 Be4 56. Re7 Ke3 57. Rf7 Bf3 58. Ke5
Kf2 59. Kf4 Kg2 60. Rh7 1-0

[Event "XXVII Memorial Edoardo Crespi A"]
[Site "Milano ITA"]
[Date "2006.12.10"]
[Round "6"]
[White "Astengo, Marcello"]
[Black "Marinone, Lucio"]
[Result "0-1"]
[WhiteElo "2110"]
[BlackElo "1980"]
[PlyCount "64"]
[EventDate "2006.12.07"]

1. d4 Nf6 2. c4 g6 3. Nc3 d5 4. Nf3 Bg7 5. Bf4 O-O 6. e3 c5 7. dxc5 Qa5 8. Be5
Nc6 9. Bd4 Bg4 10. Be2 Bxf3 11. Bxf3 e5 12. b4 Qxb4 13. Rb1 Qa5 14. Rb5 Qd8 15.
cxd5 exd4 16. exd4 Re8+ 17. Kf1 Nxd4 18. Rxb7 Nxf3 19. Qxf3 Re7 20. Rxe7 Qxe7
21. d6 Qd8 22. g3 Rc8 23. Na4 Qd7 24. Qf4 Qc6 25. f3 Re8 26. Kf2 Qd5 27. Kg2
Nh5 28. Qg4 Re2+ 29. Kh3 f5 30. Qh4 Qxf3 31. Qc4+ Kh8 32. Qxe2 Nf4+ 0-1

[Event "XXVII Memorial Edoardo Crespi A"]
[Site "Milano ITA"]
[Date "2006.12.10"]
[Round "6"]
[White "Barberi, Alessandro"]
[Black "Magrini, Fabrizio"]
[Result "1-0"]
[WhiteElo "2147"]
[BlackElo "2141"]
[PlyCount "95"]
[EventDate "2006.12.07"]

1. d4 Nf6 2. Nf3 c5 3. e3 g6 4. Bd3 Bg7 5. O-O cxd4 6. exd4 O-O 7. Re1 d6 8. c3
a6 9. Nbd2 Nbd7 10. Nf1 Re8 11. Bg5 h6 12. Bh4 b6 13. Qb3 Bb7 14. a4 Rc8 15.
Rad1 Qc7 16. Ne3 e6 17. h3 Nh5 18. Ng4 Nf4 19. Be4 Bxe4 20. Rxe4 Nh5 21. Rde1
Kh7 22. Qc2 Nf8 23. Ngh2 f5 24. R4e3 Kh8 25. g4 Nf6 26. g5 Nd5 27. R3e2 h5 28.
Qd2 Qf7 29. Nf1 Red8 30. Bg3 f4 31. Bh2 Qf5 32. Kg2 e5 33. dxe5 dxe5 34. Rxe5
Bxe5 35. Rxe5 Qxe5 36. Nxe5 Ne3+ 37. fxe3 Rxd2+ 38. Nxd2 fxe3 39. Ne4 Kg7 40.
Kf3 e2 41. Kxe2 Ne6 42. h4 Nc5 43. Nxc5 Rxc5 44. c4 b5 45. axb5 axb5 46. b4 Rc8
47. c5 Ra8 48. c6 1-0

[Event "XXVII Memorial Edoardo Crespi A"]
[Site "Milano ITA"]
[Date "2006.12.10"]
[Round "6"]
[White "Bonade', Massimo"]
[Black "Sardo, Gabriele"]
[Result "0-1"]
[WhiteElo "2097"]
[BlackElo "2258"]
[PlyCount "70"]
[EventDate "2006.12.07"]

1. d4 e6 2. c4 b6 3. Nc3 Bb7 4. e4 Bb4 5. Bd3 f5 6. Qh5+ g6 7. Qe2 Bxc3+ 8.
bxc3 fxe4 9. Bxe4 Bxe4 10. Qxe4 Nc6 11. d5 Nf6 12. Qe2 Na5 13. Ba3 e5 14. Nf3
d6 15. O-O Qd7 16. Rab1 O-O 17. Rfd1 Nh5 18. c5 Nf4 19. Qf1 Qg4 20. cxd6 e4 21.
Ne5 Qg5 22. Kh1 Qxe5 23. dxc7 Qxc7 24. Bxf8 Rxf8 25. d6 Qd7 26. Rd2 Nd3 27. Rb4
Nc5 28. Qe2 Rf6 29. Qb5 e3 30. Qxd7 Nxd7 31. Rd1 exf2 32. Rbb1 Nc4 33. Rf1 Nd2
34. Rbd1 Nxf1 35. Rxf1 Rxd6 0-1

[Event "XXVII Memorial Edoardo Crespi A"]
[Site "Milano ITA"]
[Date "2006.12.10"]
[Round "6"]
[White "Bonazzi, Edoardo"]
[Black "Barlocco, Carlo"]
[Result "1-0"]
[WhiteElo "2142"]
[BlackElo "2198"]
[PlyCount "71"]
[EventDate "2006.12.07"]

1. Nf3 Nf6 2. c4 e6 3. g3 a6 4. Nc3 d5 5. cxd5 Nxd5 6. Bg2 Be7 7. O-O O-O 8. e4
Nxc3 9. bxc3 c5 10. d4 cxd4 11. cxd4 Nc6 12. Be3 b5 13. Rc1 Bb7 14. Qd3 Rc8 15.
Rfd1 Na5 16. Rxc8 Qxc8 17. Rc1 Qa8 18. Nd2 Rd8 19. f3 Nc6 20. Nb3 Ne5 21. Qe2
Nc4 22. Bf2 Bf6 23. Bf1 a5 24. a4 bxa4 25. Nc5 Nd6 26. e5 Bxf3 27. Qd2 Be7 28.
exd6 Rxd6 29. Nxa4 e5 30. Qe1 Bg5 31. dxe5 Bd2 32. exd6 Bxe1 33. Rxe1 Bc6 34.
Bg2 Bxg2 35. Nb6 Qd8 36. Kxg2 1-0

[Event "XXVII Memorial Edoardo Crespi A"]
[Site "Milano ITA"]
[Date "2006.12.10"]
[Round "6"]
[White "Bosi, Clint"]
[Black "Gabetto, Flaviano"]
[Result "1-0"]
[WhiteElo "2048"]
[BlackElo "2121"]
[PlyCount "71"]
[EventDate "2006.12.07"]

1. e4 e6 2. d4 d5 3. Nc3 Nf6 4. e5 Nfd7 5. f4 c5 6. Nf3 Nc6 7. Ne2 b5 8. c3 a5
9. Ng3 Qb6 10. Be2 cxd4 11. cxd4 Bb4+ 12. Kf1 f6 13. Be3 fxe5 14. fxe5 Ndxe5
15. dxe5 Qxe3 16. Bxb5 O-O 17. Qe2 Qb6 18. Bd3 Nd4 19. Qd1 Nxf3 20. gxf3 Qe3
21. Kg2 Qxe5 22. Qc2 h6 23. a3 Bd6 24. Rae1 Qf4 25. Rhf1 Bd7 26. Qf2 Qh4 27.
Rc1 e5 28. Kh1 e4 29. Be2 exf3 30. Bxf3 Rxf3 31. Qxf3 Rf8 32. Qxd5+ Kh7 33.
Qxd6 Rxf1+ 34. Rxf1 Bh3 35. Qd3+ Kg8 36. Re1 1-0

[Event "XXVII Memorial Edoardo Crespi A"]
[Site "Milano ITA"]
[Date "2006.12.10"]
[Round "6"]
[White "Cardani, Roberto"]
[Black "Romano', Fabio"]
[Result "1-0"]
[WhiteElo "1903"]
[BlackElo "1922"]
[PlyCount "87"]
[EventDate "2006.12.07"]

1. e4 e6 2. d4 d5 3. Nc3 Nf6 4. Bg5 Be7 5. e5 Nfd7 6. Bxe7 Qxe7 7. f4 a6 8. Nf3
c5 9. Qd2 Nc6 10. dxc5 Nxc5 11. Bd3 f6 12. exf6 Qxf6 13. O-O-O Nxd3+ 14. cxd3
O-O 15. g3 b5 16. Rhe1 Bd7 17. Ne5 Nxe5 18. Rxe5 Rfc8 19. Kb1 a5 20. Ne2 b4 21.
Nd4 Ra6 22. Rc1 Raa8 23. Rce1 Re8 24. Qe2 Kf7 25. Nb3 Rac8 26. Qe3 Qd8 27. Nc5
Rc6 28. d4 g6 29. g4 Bc8 30. f5 gxf5 31. Qh6 Qf6 32. Qxh7+ Kf8 33. gxf5 Re7 34.
Qh3 Ke8 35. fxe6 Qg6+ 36. Qf5 Qxf5+ 37. Rxf5 Bxe6 38. Rxe6 Rexe6 39. Nxe6 Rxe6
40. Re5 Rxe5 41. dxe5 Ke7 42. Kc2 Ke6 43. Kd3 Kxe5 44. b3 1-0

[Event "XXVII Memorial Edoardo Crespi A"]
[Site "Milano ITA"]
[Date "2006.12.10"]
[Round "6"]
[White "Crippa, Gabriele"]
[Black "Nessi, Silvio"]
[Result "1-0"]
[WhiteElo "2116"]
[BlackElo "2012"]
[PlyCount "33"]
[EventDate "2006.12.07"]

1. d4 Nf6 2. Nf3 d5 3. Bf4 Bf5 4. e3 e6 5. c4 c6 6. Qb3 Qc8 7. Nc3 Be7 8. h3 h6
9. Rc1 Nbd7 10. Be2 Ne4 11. cxd5 Nxc3 12. dxc6 Nxe2 13. cxd7+ Qxd7 14. Kxe2 Bd6
15. Bxd6 Qxd6 16. Qb5+ Kf8 17. Qxb7 1-0

[Event "XXVII Memorial Edoardo Crespi A"]
[Site "Milano ITA"]
[Date "2006.12.10"]
[Round "6"]
[White "D'Apa, Matteo"]
[Black "Perrotta, Leopoldo"]
[Result "1-0"]
[WhiteElo "2026"]
[BlackElo "1885"]
[PlyCount "75"]
[EventDate "2006.12.07"]

1. d4 Nf6 2. c4 c5 3. d5 b5 4. cxb5 a6 5. bxa6 Bxa6 6. Nc3 g6 7. Nf3 d6 8. g3
Bg7 9. Bg2 Nbd7 10. O-O O-O 11. Re1 Ra7 12. Rb1 Qa8 13. b3 Nb6 14. e4 Bb7 15.
Bb2 c4 16. Ba1 Nfd7 17. bxc4 Nxc4 18. Nb5 Rxa2 19. Bxg7 Kxg7 20. Qd4+ Nce5 21.
Nc7 Qa7 22. Qxa7 Rxa7 23. Nb5 Ra5 24. Nxd6 Bxd5 25. Nxe5 Nxe5 26. exd5 exd6 27.
f4 Nc4 28. Rb7 Ra3 29. Kf2 Ra2+ 30. Re2 Rxe2+ 31. Kxe2 Ra8 32. Kd3 Ra4 33. Bh3
Na5 34. Rd7 Ra2 35. Be6 Rxh2 36. Rxf7+ Kh6 37. g4 Rg2 38. g5+ 1-0

[Event "XXVII Memorial Edoardo Crespi A"]
[Site "Milano ITA"]
[Date "2006.12.10"]
[Round "6"]
[White "Di Paola, Antonio"]
[Black "Colica, Daniele"]
[Result "0-1"]
[WhiteElo "1906"]
[BlackElo "1907"]
[PlyCount "60"]
[EventDate "2006.12.07"]

1. d4 Nf6 2. c4 e6 3. Nc3 Bb4 4. e3 O-O 5. Bd3 d5 6. a3 Be7 7. Nf3 c5 8. O-O
Nc6 9. Qc2 cxd4 10. cxd5 exd5 11. exd4 Bg4 12. Be3 Bxf3 13. gxf3 Rc8 14. Bf5
Bd6 15. Kh1 Rc7 16. Rg1 g6 17. Rg2 Kh8 18. Bd3 Ne5 19. dxe5 Bxe5 20. Bg5 d4 21.
Qe2 dxc3 22. Qxe5 Rc6 23. bxc3 Qxd3 24. Bxf6+ Kg8 25. f4 Re6 26. Qd4 Qf3 27.
Be5 Rfe8 28. Qe3 Qc6 29. Qh3 f6 30. Bd4 Re1+ 0-1

[Event "XXVII Memorial Edoardo Crespi A"]
[Site "Milano ITA"]
[Date "2006.12.10"]
[Round "6"]
[White "Farachi, Francesco"]
[Black "Bisignano, Giuseppe"]
[Result "1-0"]
[WhiteElo "2101"]
[BlackElo "1921"]
[PlyCount "79"]
[EventDate "2006.12.07"]

1. e4 d6 2. d4 Nf6 3. Nc3 g6 4. Nf3 c6 5. Bd3 b5 6. O-O b4 7. Ne2 Bg4 8. Ng3 h5
9. h4 Nbd7 10. Re1 e5 11. c3 Bg7 12. Bg5 bxc3 13. bxc3 Qa5 14. Qc2 Bxf3 15.
gxf3 Nh7 16. Bd2 Qd8 17. Qa4 Qxh4 18. Kg2 Qf6 19. Qxc6 Ke7 20. dxe5 Nxe5 21.
Qb7+ Nd7 22. Nf5+ gxf5 23. exf5+ Qe5 24. Bb5 Kf6 25. Rxe5 Nxe5 26. Qd5 Rad8 27.
c4 h4 28. f4 h3+ 29. Kg3 Bh6 30. fxe5+ dxe5 31. Qc6+ Kxf5 32. Bxh6 Rd3+ 33. Kh2
Nf6 34. Be3 Ng4+ 35. Kh1 e4 36. Rg1 h2 37. Qc5+ Ke6 38. Qd5+ Rxd5 39. cxd5+ Kf5
40. Bd7+ 1-0

[Event "XXVII Memorial Edoardo Crespi A"]
[Site "Milano ITA"]
[Date "2006.12.10"]
[Round "6"]
[White "Giancotti, Eraldo"]
[Black "Festa, Samuele"]
[Result "1-0"]
[WhiteElo "2058"]
[BlackElo "2017"]
[PlyCount "91"]
[EventDate "2006.12.07"]

1. d4 d5 2. Nf3 Nf6 3. e3 e6 4. Bd3 c5 5. c3 Nc6 6. O-O Be7 7. Nbd2 O-O 8. Ne5
Nxe5 9. dxe5 Nd7 10. f4 b6 11. e4 d4 12. cxd4 cxd4 13. Rf3 Nc5 14. Rh3 Nxd3 15.
Rxd3 Ba6 16. Rh3 g6 17. f5 exf5 18. exf5 Qd5 19. f6 Bc5 20. Nf3 d3+ 21. Kh1
Rfe8 22. Qd2 Bf8 23. Qg5 Rac8 24. Qh4 h5 25. Qg5 Rc4 26. Bf4 Qe4 27. Rh4 Bb7
28. Nd2 Qxg2+ 29. Qxg2 Bxg2+ 30. Kxg2 Rc2 31. Kf3 Rxb2 32. Ke4 Rd8 33. Rh3 Rb4+
34. Kf3 Rxf4+ 35. Kxf4 Bh6+ 36. Ke4 Bxd2 37. Rxd3 Rxd3 38. Kxd3 Bf4 39. Ke4
Bxh2 40. Rd1 h4 41. Rd8+ Kh7 42. Rf8 Kh6 43. Rxf7 h3 44. e6 Bd6 45. Kf3 g5 46.
e7 1-0

[Event "XXVII Memorial Edoardo Crespi A"]
[Site "Milano ITA"]
[Date "2006.12.10"]
[Round "6"]
[White "Giannetta, Paolo"]
[Black "Bozzali, Ermanno"]
[Result "0-1"]
[WhiteElo "1980"]
[BlackElo "2099"]
[PlyCount "74"]
[EventDate "2006.12.07"]

1. d4 Nf6 2. Nc3 d5 3. Bg5 Bf5 4. Nf3 h6 5. Bh4 c6 6. e3 Nbd7 7. Bd3 Bxd3 8.
Qxd3 Qa5 9. O-O e6 10. Bxf6 Nxf6 11. Ne5 Bb4 12. Ne2 Qb5 13. c4 dxc4 14. Nxc4
Be7 15. Nc3 Qh5 16. Ne5 Rd8 17. Qc4 Bd6 18. Rad1 O-O 19. Nf3 g5 20. h3 g4 21.
hxg4 Nxg4 22. Ne4 Bh2+ 23. Kh1 Bb8+ 24. Kg1 Rd5 25. Rfe1 Rf5 26. Qe2 Kh8 27.
Ng3 Bxg3 28. fxg3 Rg8 29. e4 Rb5 30. d5 Ne5 31. Nd4 Ng4 32. Nf3 exd5 33. e5 Rb4
34. e6 fxe6 35. Qxe6 Qg6 36. Qd7 Rxb2 37. Re7 Qc2 0-1

[Event "XXVII Memorial Edoardo Crespi A"]
[Site "Milano ITA"]
[Date "2006.12.10"]
[Round "6"]
[White "Johansson, Alexander"]
[Black "Galli, Fabio"]
[Result "1/2-1/2"]
[WhiteElo "2021"]
[BlackElo "2066"]
[PlyCount "78"]
[EventDate "2006.12.07"]

1. d4 d5 2. Nf3 Nf6 3. g3 e6 4. Bg2 c5 5. c4 cxd4 6. Nxd4 Bb4+ 7. Bd2 Bxd2+ 8.
Nxd2 O-O 9. O-O Bd7 10. Qb3 Nc6 11. Nxc6 Bxc6 12. Rfd1 Qe7 13. cxd5 Bxd5 14.
Bxd5 Nxd5 15. e4 Nb6 16. a4 Rad8 17. a5 Nc8 18. Nc4 Qc7 19. Rac1 Rxd1+ 20. Rxd1
b6 21. axb6 Nxb6 22. Nxb6 axb6 23. Qc3 Qxc3 24. bxc3 Rc8 25. Rd3 Kf8 26. Kf1
Rc4 27. f3 b5 28. Ke2 b4 29. cxb4 Rxb4 30. Ke3 Ke7 31. e5 f6 32. f4 fxe5 33.
fxe5 h5 34. Ra3 h4 35. Ra7+ Kf8 36. Kf3 hxg3 37. hxg3 Rc4 38. Rd7 Ra4 39. Ke3
Rg4 1/2-1/2

[Event "XXVII Memorial Edoardo Crespi A"]
[Site "Milano ITA"]
[Date "2006.12.10"]
[Round "6"]
[White "Nannelli, Paolo"]
[Black "Bernago, Federico"]
[Result "1/2-1/2"]
[WhiteElo "2182"]
[BlackElo "1990"]
[PlyCount "80"]
[EventDate "2006.12.07"]

1. c4 e5 2. g3 g6 3. Nc3 Nc6 4. Bg2 Bg7 5. d3 d6 6. Nf3 f5 7. O-O Nf6 8. Rb1 a5
9. a3 O-O 10. b4 axb4 11. axb4 h6 12. b5 Ne7 13. c5 g5 14. b6 dxc5 15. Nxe5
cxb6 16. Qb3+ Kh7 17. Bb2 Nc6 18. Nxc6 bxc6 19. Bxc6 Rb8 20. Ba1 Qd6 21. Bg2
Be6 22. Qa4 Qe7 23. Qc2 Qd7 24. Na4 Qd6 25. Nc3 Qd7 26. Qa4 Qe7 27. e3 Rfd8 28.
Rfd1 Nd5 29. Bxd5 Bxd5 30. Nxd5 Rxd5 31. Bxg7 Qxg7 32. Qc6 Qd7 33. Rxb6 Rxb6
34. Qxb6 Rxd3 35. Rxd3 Qxd3 36. Qxc5 g4 37. Qd4 Qb1+ 38. Kg2 Qb7+ 39. Kg1 Qb1+
40. Kg2 Qb7+ 1/2-1/2

[Event "XXVII Memorial Edoardo Crespi A"]
[Site "Milano ITA"]
[Date "2006.12.10"]
[Round "6"]
[White "Orsi, Matteo"]
[Black "Tagliagambe, Stefano"]
[Result "1/2-1/2"]
[WhiteElo "1945"]
[BlackElo "2050"]
[PlyCount "49"]
[EventDate "2006.12.07"]

1. d4 Nf6 2. Nf3 d6 3. g3 Bg4 4. Bg2 Nbd7 5. c3 c6 6. O-O e5 7. dxe5 dxe5 8.
Be3 Qc7 9. Nbd2 Be7 10. Ng5 O-O 11. f3 h6 12. Nge4 Be6 13. Nxf6+ Nxf6 14. Bf2
Rfd8 15. Qc2 Rd7 16. Rfd1 Rad8 17. Nb3 b6 18. e4 c5 19. Nd2 c4 20. Nf1 Bc5 21.
Rxd7 Bxf2+ 22. Kxf2 Qxd7 23. Ke2 Bh3 24. Kf2 Be6 25. Ke2 1/2-1/2

[Event "XXVII Memorial Edoardo Crespi A"]
[Site "Milano ITA"]
[Date "2006.12.10"]
[Round "6"]
[White "Oteri, Aldo"]
[Black "Vincenzi, Marco"]
[Result "0-1"]
[WhiteElo "1954"]
[BlackElo "2065"]
[PlyCount "60"]
[EventDate "2006.12.07"]

1. e4 c5 2. Nf3 d6 3. d4 cxd4 4. Nxd4 Nf6 5. Nc3 Nc6 6. Bg5 e6 7. Qd2 a6 8.
O-O-O h6 9. Nxc6 bxc6 10. Bf4 d5 11. Qe3 Be7 12. Be2 Bb7 13. h4 Bb4 14. exd5
cxd5 15. Be5 Rc8 16. g4 d4 17. Rxd4 Qa5 18. Bxf6 Bxc3 19. Qxc3 Rxc3 20. Rd8+
Qxd8 21. Bxd8 Bxh1 22. bxc3 Kxd8 23. Bxa6 Kc7 24. Kd2 Ra8 25. Bc4 Bd5 26. Bb3
Kd6 27. Ke3 g5 28. c4 Bc6 29. hxg5 hxg5 30. c3 Ke5 0-1

[Event "XXVII Memorial Edoardo Crespi A"]
[Site "Milano ITA"]
[Date "2006.12.10"]
[Round "6"]
[White "Piantoni, Pierino"]
[Black "Didoni, Renato"]
[Result "0-1"]
[WhiteElo "1973"]
[BlackElo "2076"]
[PlyCount "86"]
[EventDate "2006.12.07"]

1. Nf3 Nf6 2. c4 Nc6 3. d4 e6 4. g3 Be7 5. Bg2 O-O 6. O-O d5 7. Nc3 dxc4 8. e4
Rb8 9. Qe2 b5 10. Rd1 a6 11. a3 Na5 12. d5 Qe8 13. Bf4 Bd8 14. d6 Rb7 15. Ne5
cxd6 16. Rxd6 Rb6 17. Rdd1 Nb3 18. Rab1 Be7 19. Be3 Rd6 20. Rxd6 Bxd6 21. Nxc4
bxc4 22. Qxc4 Na5 23. Qd4 Nb7 24. b4 Ng4 25. Bd2 Be5 26. Qb6 Qd7 27. Be1 Qd3
28. Rc1 Bd4 29. Qc7 Be5 30. Qb6 Bd4 31. Qc6 Ne3 32. Nd5 exd5 33. Qxc8 Nxg2 34.
Kxg2 Qxe4+ 35. Kg1 Nd6 36. Qxa6 Nc4 37. b5 Ne3 38. fxe3 Qxe3+ 39. Kg2 Qxc1 40.
Bb4 Qg1+ 41. Kh3 Qf1+ 42. Kh4 Bf6+ 43. Kg4 h5+ 0-1

[Event "XXVII Memorial Edoardo Crespi A"]
[Site "Milano ITA"]
[Date "2006.12.10"]
[Round "6"]
[White "Raineri, Valerio"]
[Black "Valsecchi, Alessio"]
[Result "1/2-1/2"]
[WhiteElo "2129"]
[BlackElo "2030"]
[PlyCount "27"]
[EventDate "2006.12.07"]

1. e4 c5 2. Nf3 Nc6 3. d4 cxd4 4. Nxd4 g6 5. Be3 Bg7 6. Nc3 Nf6 7. Bc4 O-O 8.
Bb3 d6 9. f3 Bd7 10. Qd2 Nxd4 11. Bxd4 b5 12. O-O-O a5 13. e5 Ne8 14. exd6
1/2-1/2